Năm lá quốc thư Tiểu thuyết
Cuốn tiểu thuyết Việt Nam đầu tiên viết về nghề ngoại giao và người ngoại giao trong cuộc sống đương đại. Tác giả là người trong ngành, nên sự hấp dẫn từ một công việc ít ai biết là có thật. Được viết theo lối giễu nhại và mô tả...
Tallennettuna:
| Päätekijä: | |
|---|---|
| Aineistotyyppi: | Kirja |
| Kieli: | Undetermined |
| Julkaistu: |
Tp. Hồ Chí Minh
Nxb. Trẻ
2019
|
| Aiheet: | |
| Linkit: | http://lrc.tdmu.edu.vn/opac/search/detail.asp?aID=2&ID=40385 |
| Tagit: |
Lisää tagi
Ei tageja, Lisää ensimmäinen tagi!
|
| Thư viện lưu trữ: | Trung tâm Học liệu Trường Đại học Thủ Dầu Một |
|---|
| LEADER | 01206nam a2200217Ia 4500 | ||
|---|---|---|---|
| 001 | TDMU_40385 | ||
| 008 | 210410s9999 xx 000 0 und d | ||
| 082 | |a 398.8089 | ||
| 090 | |b H450 | ||
| 100 | |a Hồ, Anh Thái | ||
| 245 | 0 | |a Năm lá quốc thư | |
| 245 | 0 | |b Tiểu thuyết | |
| 245 | 0 | |c Hồ Anh Thái | |
| 260 | |a Tp. Hồ Chí Minh | ||
| 260 | |b Nxb. Trẻ | ||
| 260 | |c 2019 | ||
| 300 | |a 418tr. | ||
| 520 | |a Cuốn tiểu thuyết Việt Nam đầu tiên viết về nghề ngoại giao và người ngoại giao trong cuộc sống đương đại. Tác giả là người trong ngành, nên sự hấp dẫn từ một công việc ít ai biết là có thật. Được viết theo lối giễu nhại và mô tả hiện thực, cuốn sách mang đến cho người đọc một bí ẩn được hé mở. | ||
| 650 | |a Văn học hiện đại |v Tiểu thuyết |z Việt Nam; Văn học Việt Nam |v Tiểu thuyết | ||
| 856 | |u http://lrc.tdmu.edu.vn/opac/search/detail.asp?aID=2&ID=40385 | ||
| 980 | |a Trung tâm Học liệu Trường Đại học Thủ Dầu Một | ||